LEADER 02384nam 2200601 a 450 001 9910780553003321 005 20230721023505.0 010 $a1-282-03594-0 010 $a9786612035944 010 $a1-4438-0306-5 035 $a(CKB)2420000000004651 035 $a(EBL)1114405 035 $a(OCoLC)827209253 035 $a(SSID)ssj0001101424 035 $a(PQKBManifestationID)11610359 035 $a(PQKBTitleCode)TC0001101424 035 $a(PQKBWorkID)11066909 035 $a(PQKB)11740598 035 $a(MiAaPQ)EBC1114405 035 $a(Au-PeEL)EBL1114405 035 $a(CaPaEBR)ebr10655257 035 $a(CaONFJC)MIL203594 035 $a(OCoLC)929658158 035 $a(FlNmELB)ELB108065 035 $a(EXLCZ)992420000000004651 100 $a20130227d2009 uy 0 101 0 $aeng 135 $aurcn||||||||| 181 $ctxt 182 $cc 183 $acr 200 10$aScents and scent-sibilities$b[electronic resource] $esmell and everyday life experiences /$fby Kelvin E.Y. Low 210 $aNewcastle upon Tyne $cCambridge Scholars Pub.$d2009 210 1$aNewcastle upon Tyne :$cCambridge Scholars Pub.,$d2009. 215 $a1 online resource (212 p.) 300 $aDescription based upon print version of record. 311 $a1-4438-0215-8 320 $aIncludes bibliographical references and index. 327 $aTABLE OF CONTENTS; ACKNOWLEDGEMENTS; CHAPTER ONE; CHAPTER TWO; CHAPTER THREE; CHAPTER FOUR; CHAPTER FIVE; CHAPTER SIX; CONCLUSION; BIBLIOGRAPHY; INDEX 330 $aSmells are distinct and ubiquitous. They envelope us, enter our bodies, and emanate from us. Yet, they remain relegated to the background of everyday life experiences. This book attempts to highlight the social salience of smell in social actors' day-to-day encounters where issues involving morality and social othering, presentation of self, and personhood intertwine with analyses of smell as a social conduit. These encounters include the experiences of anosmic individuals, which capture non-... 606 $aSmell 606 $aOdors 615 0$aSmell. 615 0$aOdors. 676 $a391.63 700 $aLow$b Kelvin E. Y$0970763 801 0$bMiAaPQ 801 1$bMiAaPQ 801 2$bMiAaPQ 906 $aBOOK 912 $a9910780553003321 996 $aScents and scent-sibilities$93768788 997 $aUNINA LEADER 02062nas 2200469 n 450 001 990008936220403321 005 20240229084312.0 011 $a0366-6581 035 $a000893622 035 $aFED01000893622 035 $a(Aleph)000893622FED01 035 $a000893622 091 $2CNR$aP 00002045 100 $a20090724b19291935km-y0itaa50------ba 101 0 $aeng 102 $aCA 110 $aauu-------- 200 1 $aCanadian journal of research 207 1$a1929-1935 210 $aOttawa$cNational Research Council 433 0$1001000893623$12001$aCanadian journal of research. Section A: Physical sciences 433 0$1001000893624$12001$aCanadian journal of research. Section B: Chemical sciences 433 0$1001000893625$12001$aCanadian journal of research. Section D: Zoological sciences 446 0$12001$aCanadian journal of research. Section E: Medical sciences 446 0$12001$aCanadian journal of research. Section C: Botanical sciences 446 0$12001$aCanadian journal of research. Section F: Technology 530 0 $aCanadian journal of research 675 $a001.891 675 $a5 675 $a6 676 $a505 712 02$aNational Research Council Canada 801 0$aIT$bACNP$c20090723 859 4 $uhttp://acnp.cib.unibo.it/cgi-ser/start/it/cnr/dc-p1.tcl?catno=1051&person=false&language=ITALIANO&libr=&libr_th=unina1$zBiblioteche che possiedono il periodico 901 $aSE 912 $a990008936220403321 958 $aBiblioteca. Dipartimento di Chimica. Complesso Universitario di Monte S. Angelo.$b1929-1935.$fDCH 959 $aDCH 996 $aCanadian journal of research$9796663 997 $aUNINA AP1 8 $6866-01$aNA007 Biblioteca. Dipartimento di Chimica. Complesso Universitario di Monte S. Angelo.$evia Cinthia 4, 80126 Napoli (NA)$m081674497-081674488$m081674090$nit AP2 40$aacnp.cib.unibo.it$nACNP Italian Union Catalogue of Serials$uhttp://acnp.cib.unibo.it/cgi-ser/start/it/cnr/df-p.tcl?catno=1051&language=ITALIANO&libr=&person=&B=1&libr_th=unina&proposto=NO